| 000 | 00669nam a2200205 a 4500 | ||
|---|---|---|---|
| 005 | 20210223131416.0 | ||
| 008 | 101116s1985 es r 000 0 spa d | ||
| 020 | _a8434581698 | ||
| 035 | _aUPN01000178480 | ||
| 049 | _aCG | ||
| 050 | 4 |
_aDG262.5 _bO6.4 |
|
| 100 | 1 |
_aOppermann, Hans, _dn. 1885 _930567 |
|
| 245 | 1 | 0 |
_aJulio César / _cHans Oppermann ; pról. Agustin García Calvo ; tr. Rosa Pilar Blanco. |
| 260 |
_aBarcelona, Esp. : _bSalvat, _c1985. |
||
| 300 |
_a221 p. : _bil. |
||
| 440 | 0 |
_aBiblioteca Salvat de grandes biografías ; _v24 |
|
| 534 |
_pTítulo original: _tCaesar |
||
| 600 | 1 | 4 |
_aCESAR, CAYO JULIO, _dCA. 100 A.C.-44 A.C. _916988 |
| 905 | _aLibro | ||
| 999 |
_c150583 _d150583 |
||